Diferenciace kvality dodavatelských služeb

Zlepšenie spoľahlivosti dodávok pre určitú skupinu zákazníkov bez negatívneho vplyvu na ostatných. Balanced scorecard ako strategické východisko k segmentácii zákazníckej základne. Zvýšená orientácia na zákazníka a jej vplyv na hospodárske výsledky podniku. Všeobecné činitele úspešnosti. Praktický p...

Description complète

Enregistré dans:
Détails bibliographiques
Format: Chapitre de livre
Langue:tchèque
Sujets:
Tags: Ajouter un tag
Pas de tags, Soyez le premier à ajouter un tag!

MARC

LEADER 00000naa$a2200000$$$4500
001 0037797
005 20231113115154.2
041 0 |a cze 
044 |a CZ 
245 1 0 |a Diferenciace kvality dodavatelských služeb 
520 |a Zlepšenie spoľahlivosti dodávok pre určitú skupinu zákazníkov bez negatívneho vplyvu na ostatných. Balanced scorecard ako strategické východisko k segmentácii zákazníckej základne. Zvýšená orientácia na zákazníka a jej vplyv na hospodárske výsledky podniku. Všeobecné činitele úspešnosti. Praktický príklad diferenciácie kvality dodávateľských služieb. 
610 2 0 |a dodávatelia 
610 2 0 |a reťazce dodávateľsko-odberateľské 
610 2 0 |a dodávky 
610 2 0 |a lehoty dodacie 
610 2 0 |a zásobovanie 
610 2 0 |a tovar 
610 2 0 |a zákazníci 
610 2 0 |a služby 
610 2 0 |a kvalita